Loading...
| Literature - British | 0 | 5 | 0 | 0 | 50 | 91 | 117.40 | 1 | 1 | 6.18 | 22.73 |
| Literature - European | 0 | 5 | 1 | 1 | 45 | 42 | 113.00 | 0 | 0 | 8.00 | 17.27 |
| Fine Arts - Painting and Sculpture | 0 | 4 | 0 | 1 | 40 | 124 | 131.25 | 0 | 0 | 1.54 | 10.91 |
| Philosophy | 0 | 4 | 0 | 0 | 40 | 94 | 114.00 | 0 | 2 | 4.99 | 19.09 |
| Religion | 0 | 4 | 0 | 0 | 40 | 98 | 126.25 | 0 | 0 | 3.20 | 9.09 |
| History - European | 0 | 4 | 0 | 0 | 40 | 50 | 74.75 | 0 | 3 | 15.73 | 18.18 |
| History - Other | 0 | 4 | 0 | 1 | 40 | 95 | 121.25 | 0 | 1 | 2.30 | 14.55 |
| History - World | 0 | 4 | 0 | 1 | 40 | 45 | 99.00 | 1 | 1 | 8.42 | 21.82 |
| Literature - World | 0 | 4 | 1 | 0 | 35 | 72 | 118.75 | 1 | 1 | 5.08 | 18.18 |
| Mythology | 0 | 3 | 0 | 1 | 30 | 98 | 129.33 | 0 | 1 | 1.91 | 8.18 |
| Literature - American | 0 | 3 | 0 | 0 | 30 | 75 | 118.33 | 0 | 1 | 4.09 | 11.82 |
| Geography | 0 | 2 | 0 | 2 | 20 | 125 | 130.00 | 0 | 0 | 0.26 | 23.33 |
| Pop Culture | 0 | 2 | 0 | 1 | 20 | 32 | 84.00 | 0 | 1 | 44.13 | 55.00 |
| Fine Arts - Classical Music | 0 | 2 | 0 | 1 | 20 | 133 | 135.00 | 0 | 0 | 0.30 | 3.33 |
| Social Science | 0 | 2 | 1 | 1 | 15 | 97 | 116.50 | 0 | 1 | 2.20 | 5.45 |
| Other Academic | 0 | 1 | 0 | 0 | 10 | 13 | 13.00 | 1 | 1 | 30.15 | 26.67 |
| Current Events | 0 | 1 | 0 | 0 | 10 | 49 | 49.00 | 0 | 1 | 21.32 | 30.00 |
| Fine Arts - Other | 0 | 1 | 1 | 1 | 5 | 134 | 134.00 | 0 | 0 | 0.00 | 2.73 |
| Science - Chemistry | 0 | 0 | 0 | 0 | 0 | 0.00 | 0 | 0 | 0.00 | 0.00 | |
| History - American | 0 | 0 | 1 | 0 | -5 | 0.00 | 0 | 0 | 0.00 | 0.00 |